Регионална библиотека "Любен Каравелов" - Русе

Из миналото на село Ценово, Русенски окръг (Запис номер 118440)

MARC детайли
000 -Лидер
Контролно поле с фиксирана дължина 01604nam a2200493 a 4500
003 - Код на организацията, давaща контролен номер
Контролно поле BLK
005 - Дата и час на последна редакция
Контролно поле 20241129104255.0
008 - Елементи от данни с фиксирана дължина
fixed length control field 180409b bul|||||r ||||||| ||bul||
010 ## - Наследен системен номер
LC control number KNG00124042000
040 ## - Източник на каталожния запис
Идентификатор на билиотеката - собственик на записа BLK
041 ## - Код за език
Код за езика на текст/звукозапис или на отделно заглавие Български
Код за езика КДБФ Български
072 #7 - Код за тематичната категория
Код организация bullib
Код за тематична категория К
Текст Краезнание
080 ## - УДК
Текстов определител УДК Краезнание
УДК код - определител по УДК 908
УДК определител (497.21-22)
УДК - код + определител 908(497.21-22)
100 1# - Редна дума - Автор
Автор Киров, Иван Томов
Авторска отговорност първи автор
R(LIN) 265748
139 ## - Редно поле
Редна дума Киров, Иван Томов
Авторски знак Киро - К 59
245 10 - Сведения за заглавието
Заглавие Из миналото на село Ценово, Русенски окръг
Подзаглавни данни Геогр., ист., етногр. и стоп. очерк
Редно поле (дума) Иван Томов Киров.
257 ## - Страна на издаване
Страна на създаване/издаване България
260 ## - Област на издателските данни
Място на издаване, разпространение и проч. София
Име на издателя, разпространителя и проч. ОФ
Година на издаване 1972
300 ## - Физическа характеристика
Страници 160 с.
Илюстрации и др. с портр. и к.
Размери/Мащаб 20 см
380 ## - Жанр
Жанр История
500 ## - Общи забележки
Забележка 1 500 тир.
504 ## - Забележка за наличие на библиография и др
Забележка за наличие на библиография и под. Библиогр. с. 157-158.
650 #4 - Допълнително описание по предмет – тема
Основно описание – тема или топоним Села - България - история
9 (RLIN) 243048
651 #4 - Допълнително описание по предмет - топоним
Географско понятие Ценово
9 (RLIN) 179760
651 #4 - Допълнително описание по предмет - топоним
Географско понятие Русенско
9 (RLIN) 179464
651 #4 - Допълнително описание по предмет - топоним
Географско понятие България
9 (RLIN) 241624
653 ## - Ключова дума – ненормативна
Ключова дума Ценово
653 ## - Ключова дума – ненормативна
Ключова дума села
653 ## - Ключова дума – ненормативна
Ключова дума история
653 ## - Ключова дума – ненормативна
Ключова дума география
653 ## - Ключова дума – ненормативна
Ключова дума етнография
653 ## - Ключова дума – ненормативна
Ключова дума стопанство
659 ## - Тематичен бюлетин
Тематичен бюлетин К
852 ## - Местоположение
Форматна сигнатура Цб 64739
Фондова буква Хранилище
852 ## - Местоположение
Форматна сигнатура К 908(497.2)/К 59 И
856 4# - Електронен адрес и достъп
Електронен формат pdf - файл
856 4# - Електронен адрес и достъп
Електронен формат pdf - файл
999 ## - СИСТЕМНИ КОНТРОЛНИ НОМЕРА
Koha biblionumber 118440
Koha biblioitemnumber 118440
942 ## - АРТИКУЛИ
Вид на библиотечния материал Книги
Скрит в OPAC Не
Koha issues (borrowed), all copies 6
Периодичен библиозапис Да
944 ## - СЪЗДАВАНЕ И РЕДАКЦИЯ на ЗАПИСА
Създаване/Редакция Създаване
Дата на регистрацията/редакция 29.06.2011
Статус, дата на статуса Ивелин Русев
Служител, извършил регистрацията/редакцията 30563
944 ## - СЪЗДАВАНЕ И РЕДАКЦИЯ на ЗАПИСА
Създаване/Редакция Редакция
Дата на регистрацията/редакция 2022-07-26
Служител, извършил регистрацията/редакцията Кети
999 ## - СИСТЕМНИ КОНТРОЛНИ НОМЕРА
Koha biblioitemnumber 118440
999 ## - СИСТЕМНИ КОНТРОЛНИ НОМЕРА
Koha biblioitemnumber 118440
999 ## - СИСТЕМНИ КОНТРОЛНИ НОМЕРА
Koha biblioitemnumber 118440
Наличности
Код за отписване Код за изгубен артикул Източник на класификационната схема Код за повреда Коз за рестрикции Код за отдаване Артикулен № Име на библиотеката - собственик Име на библиотеката, в която се намира в момента Статус (Текущо местоположение) Дата на вписване в системата Местоположение - отдел Цена в лева Номерация (Хронология) Инвентарен номер Систематично азбучна сигнатура Баркод Номер на екземпляра Цена в евро Служебна бележка Служебен тип на артикула
  Не е изгубен Universal Decimal Classification Не е повреден без рестрикции заемане за дома 190816 Регионална библиотека "Любен Каравелов" Русе Регионална библиотека "Любен Каравелов" Русе Заемна - подръчен фонд 2011-06-29 Заемна - подръчен фонд 3.00 Автограф: Иван Томов Киров 120000751533 908(497.2)/К 59 120000751533 1 1.53 Дост: DA Вид: А N: 10 Дата: 29.06.2011 Дата инв: 06.11.2015 Бележки инв: Д2015 Книги
  Не е изгубен Universal Decimal Classification Не е повреден само за читалня ползва се в читалня 190817 Регионална библиотека "Любен Каравелов" Русе Регионална библиотека "Любен Каравелов" Русе Хранилище 1972-01-01 Хранилище 0.40   125660 Цб 64739 120000125660 2 0.20 Дост: Dp Вид: Д N: стар фонд Дата: 01.01.1972 Книги
  Не е изгубен Universal Decimal Classification Не е повреден без рестрикции ползва се в читалня 190818 Регионална библиотека "Любен Каравелов" Русе Регионална библиотека "Любен Каравелов" Русе Краезнание 1972-01-01 Краезнание 0.45   130732 К 908(497.2)/К 59 И 120000130732 3 0.23 Дост: Pk Вид: Ф N: стар фонд Дата: 01.01.1972 Дата инв: 16.11.2017 Бележки инв: К2017 Книги
  Не е изгубен Universal Decimal Classification Не е повреден без рестрикции ползва се в читалня 190819 Регионална библиотека "Любен Каравелов" Русе Регионална библиотека "Любен Каравелов" Русе Краезнание 1972-01-01 Краезнание 0.45   130733 К 908(497.2)/К 59 И 120000130733 4 0.23 Дост: Pk Вид: Ф N: стар фонд Дата: 01.01.1972 Дата инв: 06.11.2017 Бележки инв: К2017 Книги
Изтеглен Не е изгубен Universal Decimal Classification Не е повреден без рестрикции ползва се в читалня 190820 Регионална библиотека "Любен Каравелов" Русе Регионална библиотека "Любен Каравелов" Русе Заемна - подръчен фонд 1972-01-01 Заемна - подръчен фонд 0.40   148009 908(497.2)/К 59 148009 5 0.20 Дост: Pk Вид: Ф N: стар фонд Дата: 01.01.1972 Дата инв: 16.11.2017 Бележки инв: К2017 Книги
  Не е изгубен Universal Decimal Classification Не е повреден само за читалня ползва се в читалня 190821 Регионална библиотека "Любен Каравелов" Русе Регионална библиотека "Любен Каравелов" Русе Хранилище 1972-01-01 Основен фонд - ползва се само за читалня 0.50   526447 Цб 64739 120000526447 6 0.26 Дост: DA Вид: А N: стар фонд Дата: 01.01.1972 Книги
Vip Innovations Ltd, Rousse, Bulgaria 2025